书目信息 |
| 题名: |
华人的诺贝尔奖
|
|
| 作者: | 吴东平 著 | |
| 分册: | ||
| 出版信息: | 武汉 湖北人民出版社 2004.07 |
|
| 页数: | 313页 | |
| 开本: | 21cm | |
| 丛书名: | ||
| 单 册: | ||
| 中图分类: | K811 , K820.7 | |
| 科图分类: | ||
| 主题词: | 华人--生平事迹 , 科学家--生平事迹--中国--现代 , 文学家--生平事迹--中国--现代 | |
| 电子资源: | ||
| ISBN: | 7-216-03996-3 | |
| 000 | 00893nam0 2200253 450 | |
| 001 | 0137662269 | |
| 005 | 20050628092359.48 | |
| 010 | @a7-216-03996-3@dCNY20.00 | |
| 100 | @a20050410d2004 km y0chiy0120 ea | |
| 101 | 0 | @achi |
| 102 | @aCN@b420000 | |
| 105 | @aac z 000yd | |
| 200 | 1 | @a华人的诺贝尔奖@Ahua ren de nuo bei er jiang@f吴东平著@Fwu dong ping zhu |
| 210 | @a武汉@c湖北人民出版社@d2004.07 | |
| 215 | @a313页@c图, 肖像@d21cm | |
| 330 | @a本书多层次地反映了在过去的100年里中华民族的诺贝尔情节及失去诺贝尔奖的原因,又多侧面地分析了在21世纪,我们将不仅能改变诺贝尔奖为零的局面,还将步入诺贝尔奖大国行列的有利因素。 | |
| 606 | 0 | @a华人@x生平事迹 |
| 606 | 0 | @a科学家@x生平事迹@y中国@z现代 |
| 606 | 0 | @a文学家@x生平事迹@y中国@z现代 |
| 690 | @aK811@v4 | |
| 690 | @aK820.7@v4 | |
| 701 | 0 | @a吴东平@Awu dong ping@4著 |
| 801 | 0 | @aCN@bRULIN@c20050628 |
| 905 | @a10447@dK811@eW760 | |
| 华人的诺贝尔奖/吴东平著.-武汉:湖北人民出版社,2004.07 |
| 313页:图, 肖像;21cm |
| ISBN 7-216-03996-3:CNY20.00 |
| 本书多层次地反映了在过去的100年里中华民族的诺贝尔情节及失去诺贝尔奖的原因,又多侧面地分析了在21世纪,我们将不仅能改变诺贝尔奖为零的局面,还将步入诺贝尔奖大国行列的有利因素。 |
| ● |
| 相关链接 |
|
|
|
正题名:华人的诺贝尔奖
索取号:K811/W760
 
预约/预借
| 序号 | 登录号 | 条形码 | 馆藏地/架位号 | 状态 | 备注 |
| 1 | 522125 | 205221259 | 社科库309/309社科库 42排3列5层/ [索取号:K811/W760] | 在馆 | |
| 2 | 522126 | 205221268 | 社科库309/309社科库 42排3列5层/ [索取号:K811/W760] | 在馆 | |
| 3 | 522127 | 205221277 | 社科库309/309社科库 42排3列5层/ [索取号:K811/W760] | 在馆 |